Kulyaat-e-Pitras (Record no. 563941)
[ view plain ]
| 000 -LEADER | |
|---|---|
| fixed length control field | 00336nam a2200121Ia 4500 |
| 008 - FIXED-LENGTH DATA ELEMENTS--GENERAL INFORMATION | |
| fixed length control field | 210430s9999 xx 000 0 und d |
| 020 ## - INTERNATIONAL STANDARD BOOK NUMBER | |
| International Standard Book Number | 3120-3120-3120-3120 |
| 082 ## - DEWEY DECIMAL CLASSIFICATION NUMBER | |
| Classification number | 891.423 B9328 K |
| 100 ## - MAIN ENTRY--PERSONAL NAME | |
| Personal name | Syed Ahmed Shah Pitras Bukhari |
| 245 ## - TITLE STATEMENT | |
| Title | Kulyaat-e-Pitras |
| Statement of responsibility, etc. | Syed Ahmed Shah Pitras Bukhari |
| 300 ## - PHYSICAL DESCRIPTION | |
| Extent | 496p. |
| 942 ## - ADDED ENTRY ELEMENTS (KOHA) | |
| Koha item type | Book |
| Source of classification or shelving scheme | |
| Withdrawn status | Lost status | Source of classification or shelving scheme | Damaged status | Not for loan | Permanent Location | Current Location | Shelving location | Date acquired | Total Checkouts | Full call number | Barcode | Date last seen | Date last checked out | Price effective from | Koha item type |
|---|---|---|---|---|---|---|---|---|---|---|---|---|---|---|---|
| School of Chemical & Materials Engineering (SCME) | School of Chemical & Materials Engineering (SCME) | General Stacks | 09/11/8 | 1 | 808 B9328 K | SCME-3120 | 10/27/2023 | 10/12/2023 | 04/30/2021 | Book |
